Nomes mais populares nos países latinos - Statistics

Estatísticas Gerais
  • Esse quiz foi jogado 171 vezes
  • A pontuação média é 75 de 125
Estatísticas das Respostas
# Nomes % Correto
2 | 3 João
90%
1 | 2 Maria
89%
1 | 2 | 3 | 4 José
83%
4 Jose
83%
4 | 5 Pedro
77%
3 | 4 | 5 Ana
69%
3 Anna
69%
2 | 3 | 4 | 5 Juan
60%
5 Antoni
55%
4 | 5 Carlos
52%
4 | 5 Francisco
50%
4 Antônio
49%
5 Antonio
49%
2 | 3 | 4 | 5 Luis
48%
5 Manuel
31%
2 Marie
25%
3 Joan
24%
1 Jean
23%
5 Jorge
23%
3 Roberto
20%
4 Giovanni
14%
5 Rosa
14%
2 | 5 Giuseppe
11%
4 Andrea
10%
4 Carmen
10%
3 Michel
8%
4 Claude
6%
2 Josep
5%
4 Luz
5%
5 Dominique
2%
3 Santos
2%
5 Caridad
1%
2 Marino
1%
Nenhum quiz correspondente encontrado
Distribuição das Pontuações
Porcentagem de Pessoas com Cada Pontuação
Percentil de Números Respondidos
Sua Pontuação Histórica
Você não jogou esse quiz